| 000 | 01177nam a2200313 i 4500 | ||
|---|---|---|---|
| 003 | EG-GICUC | ||
| 005 | 20260121101519.0 | ||
| 008 | 251217s1912 fr ||||fr|||| 000 0 fre d | ||
| 040 |
_aEG-GiCUC _bfre _cEG-GiCUC _dEG-GiCUC _eRda |
||
| 041 | _afre | ||
| 082 | 0 | 4 |
_221 _a341.84 _bNI . C |
| 092 | 0 | 4 | _221 |
| 099 | _aLaw1 12 341.84 NI . C 1912 | ||
| 100 | 1 |
_aNiboyet, J. P, _d1886-1952, _eAuteur |
|
| 245 | 1 | 4 |
_aDes Conflits De Lois Relatifs À L'acquisition De La Propriété Et Des Droits Sur Les Meubles Corporels À Titre Particulier : _bÉtude De Droit International Privé / _cpar J.P. Niboyet ; préface de M.A. Pillet. |
| 264 | 1 |
_aParis : _bRecueil Sirey, _c1912. |
|
| 300 |
_aiv pages, 1 l, [7]-573 pages ; _c24 cm. |
||
| 336 |
_2rda contenu _a texte |
||
| 337 |
_2rda medias _aOrdinateur |
||
| 338 |
_2 transporteur rda _a Ressource en ligne |
||
| 504 | _aBibliographie Page IV | ||
| 546 | _aTexte en français | ||
| 650 | 1 | 4 |
_aConflit de lois _xDroit international privé _2qrmak |
| 651 | 1 | _2qrmak | |
| 700 | 1 |
_aPillet, M.A. _ePréfacier |
|
| 856 | 4 | 0 | _uhttps://fll.law.cu.edu.eg/fulltext/bks/B12-01649.pdf |
| 905 |
_a75 _eHassnaa |
||
| 942 |
_2ddc _n0 _cBK _e21 |
||
| 999 |
_c51352 _d51352 |
||